Statistiques concernant Oca: ordres appris

Cliquez ici pour prendre le quiz!

Statistiques générales

  • Ce quiz a été pris 3 fois
  • Le résultat moyen est 14 sur 22

Statistiques - réponses

HintRéponse% Correct
🪑assis
100%
🛋️canapé
100%
🛏️couché
100%
🧍‍♀️debout
100%
🐾donne la patte
100%
👉droite
100%
👈gauche
100%
🔫pan
100%
⏸️pause
100%
😵‍💫tourne
100%
👊check
67%
🤞croise
67%
↩️demi tour
67%
👋salut
67%
🛬descend
33%
🍖🐶❌laisses
33%
monte
33%
⏯️pas bouger
33%
🛼roule
33%
🫣caches toi
0%
⏫🤷🏼‍♀️monte sur les épaules
0%
🦵🐶🦵passe
0%

Distribution des résultats

Percentile par nombre de réponses

% des personnes avec chaque résultat

Votre développement - résultats

Vous n’avez pas pris ce quiz